| 000 | 01267cam a2200277 i 4500 | ||
|---|---|---|---|
| 003 | Ost | ||
| 005 | 20250713062820.0 | ||
| 008 | 250712s1991 su g b 000 0 ara c | ||
| 040 |
_aSA-JeALM _bara _cSA-RiAUC _erda |
||
| 050 | 4 | _b.A33 1991 | |
| 082 | 0 | 4 |
_a213 _qSA-RiAUC |
| 090 |
_a213 _b ع ا ئ |
||
| 245 | 0 | 2 |
_aالعائدون إلى الله : _bمجموعة من قصص التائبين، من مشاهير وعلماء ودعاة وغيرهم يروونها بأنفسهم / _cجمعها محمد بن عبد العزيز المسند. |
| 250 | _aالطبعة الثانية، مزيدة ومنقحة. | ||
| 264 | 2 |
_aالرياض ؛ _bمؤسسة الجريسي للتوزيع _c1991 |
|
| 264 | 3 |
_aالرياض : _bمطبعة سفير |
|
| 300 |
_a1 مجلد (95 صفحة) ؛ _c18 سم. |
||
| 336 |
_aنص _btxt _2rdacontent _3كتاب |
||
| 337 |
_aبدون وسيط _bn _2rdamedia |
||
| 650 | 7 |
_aالقصص الدينية _yقرن 20 _2aucsh |
|
| 650 | 7 |
_aالوعظ والإرشاد _vقصص _2aucsh |
|
| 650 | 7 |
_aالتوبة (تصوف إسلامي) _vقصص _2aucsh |
|
| 700 | 1 |
_aالمسند، محمد بن عبد العزيز بن عبد الله، _d1382 هجري- _eجامع. |
|
| 942 |
_2ddc _cBOOK _n0 |
||
| 949 |
_aSA-JeALM _d250712 _uosman123 _n1 |
||
| 999 |
_c9839 _d9839 |
||